The semantics of clause linking : (رقم التسجيلة. 19634)

تفاصيل مارك
000 -الفاتح
حقل البيانات ثابتة الطول 02597cam a2200397 a 4500
001 - رقم الضبط
رقم الضبط 15906623
003 - محدد رقم الضبط
رقم الضبط OSt
005 - وقت وتاريخ اخر تعامل مع التسجيلة
رقم الضبط 20150408113957.0
008 - عناصر البيانات ثابتة الطول - معلومات عامة
حقل البيانات ثابتة الطول 090915s2009 enka b 001 0 eng d
010 ## - رقم ضبط مكتبة الكونجرس
رقم ضبط مكتبة الكونجرس 2009464782
015 ## - رقم الببليوجرافية الوطنية
رقم الببليوجرافية الوطنية GBA949280
المصدر bnb
016 7# - رقم ضبط الوكاله الوطنية للضبط الببليوجرافي
رقم ضبط التسجيلة 015261054
المصدر Uk
020 ## - الرقم الدولى المعيارى للكتب
الرقم الدولى المعيارى للكتاب 9780199567225 (acidfree paper)
020 ## - الرقم الدولى المعيارى للكتب
الرقم الدولى المعيارى للكتاب 9780199600700
035 ## - رقم ضبط النظام
رقم ضبط النظام (OCoLC)ocn339535021
040 ## - مصدر الفهرسة
وكالة الفهرسة الأصلية UKM
وكالة النسخ UKM
وكالة التعديل BTCTA
-- YDXCP
-- BWKUK
-- BWK
-- OKU
-- BWX
-- DLC
042 ## - رمز التحقق
رمز التحقق ukblsr
-- lccopycat
050 00 - رقم طلب مكتبة الكونجرس
رقم التصنيف P297
رقم المادة .S46 2009
082 04 - رقم تصنيف ديوى العشرى
رقم التصنيف 425 S E C
رقم الطبعة 22
245 04 - بيان العنوان
العنوان The semantics of clause linking :
بقية العنوان a cross-linguistic typology /
بيان المسئوليه,etc edited by R. M. W. Dixon, Alexandra Y. Aikhenvald.
260 ## - PUBLICATION, DISTRIBUTION, ETC. (IMPRINT)
مكان الناشر او الموزع Oxford ;
-- New York :
اسم الناشر او الموزع Oxford University Press,
تاريخ النشر أو التوزيع 2009.
300 ## - الوصف المادى
التعداد xviii, 410 p. :
تفاصيل ماديه اخرى للوعاء ill. ;
أبعاد الوعاء 24 cm.
490 0# - بيان السلسلة
عنوان السلسلة Oxford linguistics
490 0# - بيان السلسلة
عنوان السلسلة Explorations in linguistic typology ;
رقم المجلد/ التعيين التسلسلي 5
504 ## - تبصرة ببليوجرافية
تبصرة ببليوجرافية,الخ Includes bibliographical references and indexes.
505 0# - تبصرة محتويات-الفهرس
تبصرة المحتويات المصاغة The semantics of clause linking in typological perspective / R.M.W. Dixon -- The semantics of clause linking in Akkadian / Guy Deutscher -- The semantics of clause linking in Galo / Mark Post -- The semantics of clause linking in Kham / David E. Watters -- The semantics of clause linking in Manambu / Alexandra Y. Aikhenvald -- The semantics of clause linking in Iquito / Lev Michael -- The semantics of clause linking in Aguaruna / Simon Overall -- The semantics of clause linking in Ojibwe / J. Randolph Valentine -- The semantics of clause linking in Boumaa Fijian / R.M.W. Dixon -- The semantics of clause linking in Toqabaqita / Frantisek Lichtenberk -- The semantics of clause linking in Martuthunira / Alan Dench -- The semantics of clause linking in Korean / Ho-min Sohn -- The semantics of clause linking in Goemai / Birgit Hellwig -- The semantics of clause linking in Konso / Maarten Mous and Ongaye Oda -- The semantics of clause linking in Mali / Tonya N. Stebbins -- Semantics and grammabr in clause linking / Alexandra Y. Aikhenvald.
650 #0 - المدخل الاضافى بالموضوع-مصطلح موضوعى
مصطلح موضوعي أو اسم جغرافي كعنصر مدخل Grammar, Comparative and general
التقسيم الفرعي العام Clauses.
9 (RLIN) 8076
650 #0 - المدخل الاضافى بالموضوع-مصطلح موضوعى
مصطلح موضوعي أو اسم جغرافي كعنصر مدخل Semantics
700 1# - المدخل الاضافى - اسم شخصى
الإسم الشخصى Dixon, Robert M. W.
9 (RLIN) 8077
700 1# - المدخل الاضافى - اسم شخصى
الإسم الشخصى Aĭkhenvalʹd, A. I͡U︡
الشكل الأكمل للاسم (Aleksandra I͡U︡rʹevna)
9 (RLIN) 8078
856 42 - الوصول و الموقع الالكترونى
مواد محددة Contributor biographical information
معرف المصدر الموحد <a href="http://www.loc.gov/catdir/enhancements/fy0917/2009464782-b.html">http://www.loc.gov/catdir/enhancements/fy0917/2009464782-b.html</a>
856 42 - الوصول و الموقع الالكترونى
مواد محددة Publisher description
معرف المصدر الموحد <a href="http://www.loc.gov/catdir/enhancements/fy0917/2009464782-d.html">http://www.loc.gov/catdir/enhancements/fy0917/2009464782-d.html</a>
906 ## - عنصر بيانات محلى F, LDF (RLIN)
a 7
b cbc
c copycat
d 2
e ncip
f 20
g y-gencatlg
942 ## - عناصر المدخل الإضافي( كوها)
مصدر التصنيف او مخطط الترفيف Dewey Decimal Classification
Koha [default] item type DVD
المقتنيات
حالة الفقد نموذج السعر الفعال حالة تلف ليس للاعارة رقم الطلب تاريخ الاكتساب الموقع الحالي الباركود الفرع الرئيسي Date last seen نوع المادة فى نظام كوها مصدر التصنيف او خطة الترفيف Total Checkouts
  2013-03-10     425 SEC 2012-12-25 المكتبة المركزية بالمجمعة (CL) 00401044 المكتبة المركزية بالمجمعة (CL) 2013-03-10 كتاب Dewey Decimal Classification  
  2013-03-10     425 SEC 2012-12-25 المكتبة المركزية بالمجمعة (CL) 00401042 المكتبة المركزية بالمجمعة (CL) 2013-03-10 كتاب Dewey Decimal Classification  
  2013-03-10     425 SEC 2013-01-05 المكتبة المركزية بالمجمعة (CL) 00401353 المكتبة المركزية بالمجمعة (CL) 2013-03-10 كتاب Dewey Decimal Classification  
  2013-03-10     425 S E C 2011-12-13 قسم الاجراءات الفنية (IC) 00100707 قسم الاجراءات الفنية (IC) 2013-03-10 كتاب Dewey Decimal Classification  
  2013-03-10     425 S E C 2011-12-13 قسم الاجراءات الفنية (IC) 00100706 قسم الاجراءات الفنية (IC) 2013-03-10 كتاب Dewey Decimal Classification